Groups / (Record no. 2711)
[ view plain ]
| 000 -LEADER | |
|---|---|
| fixed length control field | 00608nam a22002172 4500 |
| 001 - CONTROL NUMBER | |
| control field | 0000004470 |
| 005 - DATE AND TIME OF LATEST TRANSACTION | |
| control field | 20151217145810.0 |
| 008 - FIXED-LENGTH DATA ELEMENTS--GENERAL INFORMATION | |
| fixed length control field | 070523s xx 000 0 eng d |
| 020 ## - INTERNATIONAL STANDARD BOOK NUMBER | |
| International Standard Book Number | 034061045 : |
| Terms of availability | GBP 16.99 |
| 040 ## - CATALOGING SOURCE | |
| Original cataloging agency | KABU |
| Transcribing agency | KABU |
| 050 #0 - LIBRARY OF CONGRESS CALL NUMBER | |
| Classification number | QA174.2 |
| Item number | .J67 |
| 100 1# - MAIN ENTRY--PERSONAL NAME | |
| Personal name | Jordan, C. R. |
| -- | 0000155053 |
| 245 10 - TITLE STATEMENT | |
| Title | Groups / |
| Statement of responsibility, etc. | C. R. Jordan and D. A. Jordan. |
| 260 ## - PUBLICATION, DISTRIBUTION, ETC. (IMPRINT) | |
| Place of publication, distribution, etc. | Boston : |
| Name of publisher, distributor, etc. | Elsevier, |
| Date of publication, distribution, etc. | 1994. |
| 300 ## - PHYSICAL DESCRIPTION | |
| Extent | xi, 207 p. |
| 650 #0 - SUBJECT ADDED ENTRY--TOPICAL TERM | |
| Topical term or geographic name as entry element | Group theory. |
| -- | 0000154304 |
| 700 1# - ADDED ENTRY--PERSONAL NAME | |
| Personal name | Jordan, D. A. |
| -- | 0000155054 |
| 908 ## - PUT COMMAND PARAMETER (RLIN) | |
| Put command parameter | 070523 |
| 950 ## - LOCAL HOLDINGS (RLIN) | |
| -- | 1 |
| Withdrawn status | Lost status | Source of classification or shelving scheme | Not for loan | Home library | Current library | Date acquired | Total Checkouts | Full call number | Barcode | Date last seen | Date last checked out | Price effective from | Koha item type |
|---|---|---|---|---|---|---|---|---|---|---|---|---|---|
| Library of Congress Classification | Kabarak, Main Campus | Kabarak, Main Campus | 17/12/2015 | 1 | QA174.2 .J67 | 008426 | 31/10/2016 | 29/10/2016 | 17/12/2015 | General Collection |